[Event "Boksburg Inter Region-ch"]
[Site "Boksburg"]
[Date "2016.12.22"]
[Round "5.3"]
[White "Gluckman, Paul"]
[Black "De Jager, Cornelius"]
[Result "1-0"]
[WhiteElo "1808"]
[BlackElo "1324"]
[PlyCount "63"]
[EventDate "2016.12.20"]
[EventType "team-swiss"]
[EventRounds "7"]
[EventCountry "RSA"]
[SourceTitle "CBM 176 Extra"]
[Source "ChessBase"]
[SourceDate "2017.03.02"]
[SourceVersion "1"]
[SourceVersionDate "2017.03.02"]
[SourceQuality "1"]
[WhiteTeam "Chess WP II"]
[BlackTeam "King Attackers"]
[WhiteTeamCountry "RSA"]
[BlackTeamCountry "RSA"]

1. e4 e5 2. Nf3 Nf6 3. Nxe5 d6 4. Nf3 Nxe4 5. d4 d5 6. Bf4 Bd6 7. Bxd6 Qxd6 8. Bd3 Bg4 9. 0-0 0-0 10. c3 Nd7 11. Re1 Rfe8 12. Be2 Nf8 13. Ne5 Bxe2 14. Rxe2 Ng6 15. Nxg6 Qxg6 16. Na3 c6 17. Qb3 Nd6 18. Rae1 Re6 19. Rxe6 fxe6 20. Nc2 Rf8 21. f3 Rxf3 22. Qb4 Ne4 23. Qxb7 h6 24. Qxc6 Kh7 25. Re2 Rf4 26. Qb5 Qf6 27. Ne3 Rf2 28. Qd3 Kg8 29. Qc2 h5 30. Rxf2 Nxf2 31. Qxf2 Qxf2+ 32. Kxf2 1-0

[Event "Boksburg Inter Region-ch"]
[Site "Boksburg"]
[Date "2016.12.20"]
[Round "1.3"]
[White "Mpya, Tshediso M"]
[Black "De Jager, Cornelius"]
[Result "1-0"]
[WhiteElo "1816"]
[BlackElo "1324"]
[PlyCount "69"]
[EventDate "2016.12.20"]
[EventType "team-swiss"]
[EventRounds "7"]
[EventCountry "RSA"]
[SourceTitle "CBM 176 Extra"]
[Source "ChessBase"]
[SourceDate "2017.03.02"]
[SourceVersion "1"]
[SourceVersionDate "2017.03.02"]
[SourceQuality "1"]
[WhiteTeam "White Team"]
[BlackTeam "King Attackers"]
[WhiteTeamCountry "RSA"]
[BlackTeamCountry "RSA"]

1. d4 Nf6 2. Nf3 d5 3. Bf4 Bf5 4. c4 e6 5. Qb3 b6 6. e3 Nbd7 7. Nc3 c6 8. cxd5 cxd5 9. Ba6 Nh5 10. Rc1 Nxf4 11. exf4 Bd6 12. Ne5 0-0 13. Nc6 Qf6 14. g3 Nb8 15. Nxb8 Raxb8 16. Nb5 Qe7 17. 0-0 Bh3 18. Rfe1 Rfd8 19. Rc6 Rd7 20. Rec1 Qf8 21. Bc8 Rd8 22. Nxa7 b5 23. Ba6 Qe7 24. Nxb5 Qf6 25. Rxd6 h6 26. Rxd8+ Qxd8 27. Qc3 Rb6 28. Qa5 Rb8 29. Qxd8+ Rxd8 30. Rc8 Rf8 31. Nc7 e5 32. Rxf8+ Kxf8 33. fxe5 Ke7 34. Nxd5+ Ke6 35. Nf4+ 1-0